000 00613nam a2200217 a 4500
005 20210219153233.0
008 991125n 000 0 eng u
035 _aUPN01000085121
100 _aMcCurry, Niki
222 _aCOMPUTING TEACHER
245 _aLanguage arts : writing assessment for the 21st century
300 _a35-37
362 _a1992 19, no. 7
653 0 _aESCRITURA (COMPOSICION)
653 0 _aINSTRUCCION DIRIGIDA EN COMPUTADORA
653 0 _aMETODOS DE EVALUACION
653 0 _aPROGRAMAS DE LA COMPUTADORA
700 _aMcCurry, Alan
904 _aAC
_b022932
905 _aArticulo
999 _c71707
_d71707